000 00857nam a22001577a 4500
003 OSt
005 20160815151723.0
008 160815b xxu||||| |||| 00| 0 eng d
040 _cRUA
082 _aAVM VAN 2015 B507 Or.1
100 _99110
_aVANN CHAMONY, វណ្ណ ចន្ទមុនី
245 _aEpidemiology survey of fowl pox disease occur in household farmer in roveng commune samrong district takeo province, ការអង្កេតតាមដានពីការសិក្សារាតត្បាតនៃជំងឺអុតមាន់ដែលបានជួបប្រទះនៅតាមគ្រួសារកសិករនៅក្នុងឃុំរវៀង ស្រុកសំរោង ខេត្តតាកែវ
260 _aPhnom Penh
_bRUA
_c2015
300 _aix; 37p.
_bill.
_c29cm.
942 _2ddc
_cAVM
999 _c8788
_d8788